States and Markets : (Record no. 613322)

MARC details
000 -LEADER
fixed length control field 00509nam a2200193 a 4500
008 - FIXED-LENGTH DATA ELEMENTS--GENERAL INFORMATION
fixed length control field 260220s2003##################000#0#eng##
020 ## - INTERNATIONAL STANDARD BOOK NUMBER
ISBN 9780521828048
082 04 - DEWEY DECIMAL CLASSIFICATION NUMBER
Classification number 330.12
Item number PRZ
100 1# - MAIN ENTRY--AUTHOR NAME
Personal name Przeworski, Adam,
245 10 - TITLE STATEMENT
Title States and Markets :
260 ## - PUBLICATION, DISTRIBUTION, ETC. (IMPRINT)
Name of publisher Cambridge University Press,
Year of publication 2003.
300 ## - PHYSICAL DESCRIPTION
Number of Pages 236 pages
650 #0 - SUBJECT ADDED ENTRY--TOPICAL TERM
Topical Term Political Science.
942 ## - ADDED ENTRY ELEMENTS (KOHA)
Koha item type English Books

No items available.

Find us on the map